000
00307nam a2200121Ia 4500
008
190802s9999 xx 000 0 und d
020
_a
0-19-808193-6
100
_a
Tarun Kumar Rawat
245
0
_a
Digital Signal Processing
260
_a
USA
_b
Oxford University Press
_c
2018
300
_a
1072:p
942
_c
BK
999
_c
2233
_d
2233